=LDR 00000nam 2200000 4500 =001 NUTBA000000000000664 =005 20140327140616.0 =006 =007 =008 =020 ##$$a 978-979-22-5183-8 =035 ##$$a 0010-031400000000663 =082 ##$$a 813 =090 ##$$a 813 Cla j =100 ##$$a Clara Ng =245 ##$$a Jampi - jampi Varaiya =260 ##$$a Jakarta $b Gramedia pustaka utama $c 2009 =300 ##$$a 318 hlm $c 20 cm =850 ##$$a NBPNMAT =990 ##$$a 91904/BPAP-NTB/2014 =990 ##$$a 21195985/BPAP-NTB/2014